[Event "Bad Woerishofen op 36th"]
[Site "Bad Woerishofen"]
[Date "2020.03.06"]
[Round "1"]
[White "Doell, Detlef"]
[Black "Vetokhin, Savva"]
[Result "0-1"]
[WhiteElo "2012"]
[BlackElo "2273"]
[PlyCount "80"]
[EventDate "2020.03.06"]
[EventType "swiss"]
[EventRounds "9"]
[EventCountry "GER"]
[SourceTitle "CBM 195 Extra"]
[Source "ChessBase"]
[SourceDate "2020.05.31"]
[SourceVersion "1"]
[SourceVersionDate "2020.05.31"]
[SourceQuality "1"]

1. e4 e6 2. d3 d5 3. Nd2 Nf6 4. g3 dxe4 5. dxe4 Bc5 6. Bg2 e5 7. Ngf3 Nc6 8. 0-0 0-0 9. c3 a5 10. a4 b6 11. h3 Ba6 12. Re1 Qe7 13. Bf1 Bb7 14. Nc4 Rad8 15. Qc2 Rd7 16. Bg5 h6 17. Be3 Rfd8 18. Bxc5 Qxc5 19. Nfd2 h5 20. Rad1 Qe7 21. Ne3 Na7 22. Bc4 g6 23. f3 Ne8 24. Ndf1 Nd6 25. Nd5 Qe6 26. Bb3 Bxd5 27. Rxd5 Qf6 28. Qf2 Nc6 29. Rd2 Kg7 30. Ne3 h4 31. g4 Nxe4 32. fxe4 Rxd2 33. Qxf6+ Kxf6 34. Rf1+ Kg5 35. Bd5 Ne7 36. Rxf7 Nxd5 37. Nxd5 c6 38. Nc7 R8d6 39. Ne8 Rd7 40. Rf8 Rxb2 0-1

[Event "Lueneburg op-A"]
[Site "Lueneburg"]
[Date "2016.07.08"]
[Round "9"]
[White "Doell, Detlef"]
[Black "Bosselmann, Tom Linus"]
[Result "0-1"]
[WhiteElo "2048"]
[BlackElo "1928"]
[PlyCount "34"]
[EventDate "2016.07.01"]
[EventType "swiss"]
[EventRounds "9"]
[EventCountry "GER"]
[SourceTitle "CBM 173 Extra"]
[Source "ChessBase"]
[SourceDate "2016.08.29"]
[SourceVersion "1"]
[SourceVersionDate "2016.08.29"]
[SourceQuality "1"]

1. e4 e5 2. Nf3 Nc6 3. Bb5 a6 4. Bxc6 dxc6 5. 0-0 Bg4 6. h3 h5 7. d3 Qf6 8. Nbd2 Ne7 9. Re1 Bxf3 10. Qxf3 Qe6 11. Nc4 0-0-0 12. Bd2 f6 13. b4 g5 14. Ne3 Bh6 15. Qg3 Rdg8 16. a4 g4 17. h4 Bf4 0-1

[Event "Reykjavik op"]
[Site "Reykjavik"]
[Date "2013.02.25"]
[Round "8"]
[White "Doell, Detlef"]
[Black "Jablon, Stephen Eric"]
[Result "1-0"]
[WhiteElo "2044"]
[BlackElo "1896"]
[PlyCount "121"]
[EventDate "2013.02.19"]
[EventType "swiss"]
[EventRounds "10"]
[EventCountry "ISL"]
[SourceTitle "CBM 153 Extra"]
[Source "ChessBase"]
[SourceDate "2013.04.22"]
[SourceVersion "1"]
[SourceVersionDate "2013.04.22"]
[SourceQuality "1"]

1. a3 d5 2. Nf3 Nf6 3. g3 Bf5 4. Bg2 Qd7 5. h3 Nc6 6. d4 Ne4 7. Nbd2 f6 8. c3 g5 9. Qa4 h5 10. Nf1 0-0-0 11. Be3 Bh6 12. N3d2 Qe6 13. Nxe4 Bxe4 14. Bxe4 Qxe4 15. f3 Qe6 16. 0-0-0 Kb8 17. Re1 Rd6 18. Bd2 f5 19. e3 Ka8 20. Kb1 Nb8 21. Qc2 Nd7 22. e4 dxe4 23. fxe4 f4 24. Qd3 Ne5 25. Qe2 Nc4 26. d5 Nxd2+ 27. Nxd2 Qg6 28. gxf4 Rxd5 29. f5 Rxd2 30. Qxd2 Qc6 31. Qd4 Rf8 32. Rd1 a6 33. Qd5 Qb6 34. Rhf1 Qe3 35. Qe6 g4 36. hxg4 hxg4 37. f6 Rxf6 38. Rxf6 exf6 39. Qc8+ Ka7 40. Qxg4 Bf4 41. Qg1 Qxg1 42. Rxg1 Be5 43. Kc2 a5 44. a4 b6 45. Kd3 Kb7 46. Kc4 Kc6 47. Rg6 Kd6 48. Rg2 Kc6 49. Rd2 Bd6 50. b4 axb4 51. cxb4 Bf4 52. b5+ Kb7 53. Rf2 Be5 54. Kd5 Kc8 55. Ke6 Kd8 56. Rg2 Kc8 57. Rg6 c5 58. bxc6 Kc7 59. Kd5 Bb2 60. Rg7+ Kc8 61. Rb7 1-0

[Event "Reykjavik op"]
[Site "Reykjavik"]
[Date "2013.02.22"]
[Round "5"]
[White "Gislason, Gudmundur"]
[Black "Doell, Detlef"]
[Result "1-0"]
[WhiteElo "2329"]
[BlackElo "2044"]
[PlyCount "73"]
[EventDate "2013.02.19"]
[EventType "swiss"]
[EventRounds "10"]
[EventCountry "ISL"]
[SourceTitle "CBM 153 Extra"]
[Source "ChessBase"]
[SourceDate "2013.04.22"]
[SourceVersion "1"]
[SourceVersionDate "2013.04.22"]
[SourceQuality "1"]

1. Nf3 Nf6 2. g3 g6 3. Bg2 Bg7 4. 0-0 0-0 5. d4 d6 6. Re1 Nbd7 7. e4 e5 8. c3 c6 9. h3 Re8 10. Qc2 a5 11. Nbd2 a4 12. Nc4 Qc7 13. Rd1 Bf8 14. dxe5 dxe5 15. Bg5 h6 16. Be3 b5 17. Ncd2 Nc5 18. b4 axb3 19. axb3 Be6 20. c4 bxc4 21. Nxc4 Bxc4 22. Qxc4 Ne6 23. Ne1 Nh5 24. Nd3 c5 25. Rdc1 Rxa1 26. Rxa1 Rc8 27. Ra6 Nf6 28. f4 exf4 29. Nxf4 Nxf4 30. Bxf4 Qe7 31. e5 Nd7 32. e6 Nf6 33. Bd6 Qd8 34. exf7+ Kh7 35. Qe6 Bxd6 36. Rxd6 Qh8 37. Qxf6 1-0

[Event "Reykjavik op"]
[Site "Reykjavik"]
[Date "2013.02.19"]
[Round "1"]
[White "Bu, Xiangzhi"]
[Black "Doell, Detlef"]
[Result "1-0"]
[WhiteElo "2675"]
[BlackElo "2044"]
[PlyCount "77"]
[EventDate "2013.02.19"]
[EventType "swiss"]
[EventRounds "10"]
[EventCountry "ISL"]
[SourceTitle "CBM 153 Extra"]
[Source "ChessBase"]
[SourceDate "2013.04.22"]
[SourceVersion "1"]
[SourceVersionDate "2013.04.22"]
[SourceQuality "1"]

1. Nf3 Nf6 2. c4 g6 3. g3 Bg7 4. Bg2 d6 5. d4 0-0 6. 0-0 Nc6 7. Nc3 Bg4 8. d5 Na5 9. Nd2 c5 10. h3 Bd7 11. Qc2 a6 12. b3 b5 13. Bb2 Rb8 14. Rab1 Qc8 15. Kh2 Qc7 16. f4 bxc4 17. bxc4 Rb4 18. a3 Rb7 19. Ba1 Rfb8 20. Rxb7 Rxb7 21. Rb1 Ne8 22. Rxb7 Qxb7 23. Bb2 Nc7 24. Nd1 Bxb2 25. Nxb2 Ne8 26. e4 Ng7 27. Nd3 Qb6 28. g4 h5 29. Bf3 hxg4 30. hxg4 Nb7 31. e5 Qa5 32. Qc1 Qb6 33. Kg2 Ba4 34. Nf2 g5 35. exd6 Qxd6 36. Qb2 Na5 37. fxg5 Qf4 38. Nfe4 Qe3 39. Qe5 1-0

[Event "Reykjavik op"]
[Site "Reykjavik"]
[Date "2012.03.12"]
[Round "8"]
[White "Hansen, Erle Andrea Marki"]
[Black "Doell, Detlef"]
[Result "1/2-1/2"]
[WhiteElo "1793"]
[BlackElo "2067"]
[PlyCount "46"]
[EventDate "2012.03.06"]
[EventType "swiss"]
[EventRounds "9"]
[EventCountry "ISL"]
[SourceTitle "CBM 147 Extra"]
[Source "ChessBase"]
[SourceDate "2012.04.24"]
[SourceVersion "1"]
[SourceVersionDate "2012.04.24"]
[SourceQuality "1"]

1. d4 Nf6 2. Nf3 g6 3. b3 Bg7 4. Bb2 b6 5. g3 Bb7 6. Bg2 0-0 7. 0-0 d5 8. Nbd2 Nbd7 9. c4 e6 10. Qc2 c5 11. Rac1 Rc8 12. Qb1 Qe7 13. Qa1 dxc4 14. Nxc4 cxd4 15. Bxd4 Rfd8 16. Rfd1 Ne8 17. Bxg7 Nxg7 18. Nd6 Rxc1 19. Qxc1 Bxf3 20. exf3 Nc5 21. Ne4 Rxd1+ 22. Qxd1 Nxe4 23. fxe4 e5 1/2-1/2

[Event "Plzen op 2nd"]
[Site "Plzen"]
[Date "2010.12.09"]
[Round "7"]
[White "Haugk, Franko"]
[Black "Doell, Detlef"]
[Result "1/2-1/2"]
[WhiteElo "1934"]
[BlackElo "2098"]
[PlyCount "106"]
[EventDate "2010.12.04"]
[EventType "swiss"]
[EventRounds "9"]
[EventCountry "CZE"]
[SourceTitle "CBM 139 Extra"]
[Source "ChessBase"]
[SourceDate "2011.01.05"]
[SourceVersion "1"]
[SourceVersionDate "2011.01.05"]
[SourceQuality "1"]

1. d4 Nf6 2. c4 c5 3. d5 e5 4. Nc3 d6 5. e4 g6 6. Nf3 Bg7 7. Be2 a6 8. 0-0 0-0 9. a4 Nbd7 10. a5 Ne8 11. Bd2 h6 12. Qc1 Kh7 13. h3 Rb8 14. Nh2 f5 15. f3 f4 16. Ng4 h5 17. Nh2 Bf6 18. Kh1 Bh4 19. Rd1 Bf2 20. Be1 Bxe1 21. Rxe1 Qh4 22. Qd2 Kg7 23. Reb1 g5 24. Qe1 Qxe1+ 25. Rxe1 Ndf6 26. Kg1 g4 27. fxg4 hxg4 28. hxg4 Rh8 29. Rab1 Kg6 30. b4 Nd7 31. b5 Ra8 32. Ra1 Nc7 33. Nf3 Nf6 34. Nh2 Bd7 35. bxa6 Nxa6 36. Ra3 Nb4 37. Rb1 Rh7 38. Nb5 Bxb5 39. cxb5 Nxe4 40. a6 Rah8 41. Rh3 Rxh3 42. gxh3 bxa6 43. bxa6 Rxh3 44. Ra1 Rh8 45. a7 Ra8 46. Bb5 Nc3 47. Bc4 Ncxd5 48. Bxd5 Nxd5 49. Ra6 Kg5 50. Rxd6 Nc7 51. Nf3+ Kxg4 52. Nxe5+ Kf5 53. Nc6 Nb5 1/2-1/2

[Event "Bad Woerishofen op 24th"]
[Site "Bad Woerishofen"]
[Date "2008.03.05"]
[Round "7"]
[White "Doell, Detlef"]
[Black "Von Wantoch Rekowski, Danijela"]
[Result "1-0"]
[WhiteElo "2141"]
[BlackElo "2242"]
[PlyCount "81"]
[EventDate "2008.02.28"]
[EventType "swiss"]
[EventRounds "9"]
[EventCountry "GER"]
[SourceTitle "CBM 123 Extra"]
[Source "ChessBase"]
[SourceDate "2008.05.06"]
[SourceVersion "1"]
[SourceVersionDate "2008.05.06"]
[SourceQuality "1"]

1. e4 d6 2. d4 g6 3. Nc3 Bg7 4. Be3 c6 5. Qd2 b5 6. Bd3 Nd7 7. Nge2 a6 8. Nd1 Nb6 9. 0-0 h5 10. c3 Nh6 11. f3 e5 12. Nf2 Be6 13. dxe5 dxe5 14. b3 Qc7 15. a4 bxa4 16. bxa4 Nc4 17. Bxc4 Bxc4 18. Rab1 Rd8 19. Qc2 c5 20. Nc1 0-0 21. Ncd3 f5 22. Nb2 Be6 23. Nbd3 c4 24. Nc5 Bc8 25. Qe2 f4 26. Qxc4+ Kh7 27. Bc1 Rf6 28. Ba3 Bf8 29. Rbd1 Rc6 30. Rxd8 Qxd8 31. Rd1 Qb6 32. Nfd3 Be6 33. Qb4 Qa7 34. Rb1 Nf7 35. Qb7 Qxb7 36. Rxb7 Kg8 37. Rb8 Bc8 38. Kf1 Nd8 39. Nxe5 Rc7 40. Nxg6 Bxc5 41. Bxc5 1-0

[Event "Bad Woerishofen op 24th"]
[Site "Bad Woerishofen"]
[Date "2008.03.02"]
[Round "4"]
[White "Salvermoser, Bernd"]
[Black "Doell, Detlef"]
[Result "1-0"]
[WhiteElo "2296"]
[BlackElo "2141"]
[PlyCount "81"]
[EventDate "2008.02.28"]
[EventType "swiss"]
[EventRounds "9"]
[EventCountry "GER"]
[SourceTitle "CBM 123 Extra"]
[Source "ChessBase"]
[SourceDate "2008.05.06"]
[SourceVersion "1"]
[SourceVersionDate "2008.05.06"]
[SourceQuality "1"]

1. d4 Nf6 2. c4 c5 3. d5 e5 4. Nc3 d6 5. e4 g6 6. Bd3 Bg7 7. Nge2 a6 8. Ng3 Nbd7 9. Be3 h5 10. f3 Qa5 11. Qd2 Nb6 12. a3 Nbd7 13. 0-0 h4 14. Nge2 Nh5 15. b4 Qc7 16. g4 Nf4 17. Nxf4 exf4 18. Bxf4 cxb4 19. axb4 Qb6+ 20. Kh1 Qxb4 21. Rfc1 Ne5 22. Be2 0-0 23. Ra4 Qc5 24. Be3 Qc7 25. Nb5 Qb8 26. Nd4 Bd7 27. Rb4 a5 28. Rb6 Qc7 29. Nb5 Bxb5 30. cxb5 Qd7 31. h3 f5 32. f4 Nf7 33. gxf5 gxf5 34. Rg1 Kh7 35. Qe1 Bf6 36. e5 Bd8 37. e6 Qe7 38. Qa1 Nh6 39. Rxd6 Qf6 40. Rd7+ Be7 41. Bd4 1-0

[Event "Bayern-chI Bank Hofmann 10th"]
[Site "Bad Wiessee"]
[Date "2006.11.11"]
[Round "8"]
[White "Doell, Detlef"]
[Black "Wiley, Tom E"]
[Result "0-1"]
[WhiteElo "2159"]
[BlackElo "2335"]
[PlyCount "132"]
[EventDate "2006.11.04"]
[EventType "swiss"]
[EventRounds "9"]
[EventCountry "GER"]
[SourceTitle "EXT 2007"]
[Source "ChessBase"]
[SourceDate "2006.11.23"]
[SourceVersion "1"]
[SourceVersionDate "2006.11.23"]
[SourceQuality "1"]

1. e4 c5 2. Nc3 Nc6 3. g3 g6 4. Bg2 Bg7 5. d3 d6 6. Nf3 e5 7. Bg5 f6 8. Be3 Nge7 9. Qd2 Nd4 10. 0-0 0-0 11. Ne1 Ne6 12. Bh6 Rb8 13. Bxg7 Kxg7 14. Ne2 Nc6 15. f4 exf4 16. Nxf4 Nxf4 17. Rxf4 Be6 18. Rf2 d5 19. exd5 Bxd5 20. Nf3 b6 21. Re1 Qd6 22. Rfe2 Rbd8 23. Qf4 Qxf4 24. gxf4 Rf7 25. a3 Bxf3 26. Bxf3 Nd4 27. Rf2 Rdd7 28. Bd1 Rfe7 29. Kf1 f5 30. c3 Ne6 31. Bb3 Kf6 32. Bxe6 Rxe6 33. Rxe6+ Kxe6 34. Rf3 Kf6 35. h4 h6 36. Ke2 g5 37. fxg5+ hxg5 38. hxg5+ Kxg5 39. Ke3 Re7+ 40. Kf2 Rh7 41. Kg2 f4 42. d4 cxd4 43. cxd4 Kf5 44. a4 Rd7 45. a5 b5 46. a6 Rxd4 47. Rh3 Rd2+ 48. Kf1 Rxb2 49. Rh7 Ke4 50. Rxa7 Kf3 51. Ke1 Ra2 52. Rb7 Ra1+ 53. Kd2 Rxa6 54. Rxb5 Kf2 55. Rb8 Rd6+ 56. Kc2 f3 57. Rg8 Ke2 58. Re8+ Kf1 59. Rg8 Rd5 60. Rg7 f2 61. Rg8 Ke2 62. Re8+ Kf3 63. Rf8+ Ke3 64. Kc3 Rc5+ 65. Kb4 Rc1 66. Re8+ Kd4 0-1

[Event "Lippe Cup 02nd"]
[Site "Lieme"]
[Date "2005.10.07"]
[Round "1"]
[White "Doell, Detlef"]
[Black "Linnenborn, Guido"]
[Result "0-1"]
[WhiteElo "2131"]
[BlackElo "1888"]
[PlyCount "52"]
[EventDate "2005.10.07"]
[EventType "swiss"]
[EventRounds "5"]
[EventCountry "GER"]
[SourceTitle "EXT 2012"]
[Source "ChessBase"]
[SourceDate "2011.11.24"]
[SourceVersion "1"]
[SourceVersionDate "2011.11.24"]
[SourceQuality "1"]

1. e4 d6 2. d4 Nf6 3. Nc3 g6 4. Bg5 Bg7 5. f3 c6 6. Qd2 Qa5 7. 0-0-0 Nbd7 8. Bh6 Bxh6 9. Qxh6 b5 10. Kb1 a6 11. Nh3 Bb7 12. Ng5 Rf8 13. e5 dxe5 14. dxe5 Nxe5 15. Nce4 Nxe4 16. Nxe4 Nd7 17. Qh4 Qc7 18. Be2 c5 19. Rhe1 0-0-0 20. Qxe7 Bxe4 21. Qxe4 Nb6 22. a4 Rfe8 23. Qh4 Nxa4 24. Rxd8+ Rxd8 25. Qh3+ f5 26. c3 Qe5 0-1

[Event "Vienna op 14th"]
[Site "Vienna"]
[Date "2003.08.18"]
[Round "3"]
[White "Doell, Detlef"]
[Black "Holzer, Gerhard"]
[Result "0-1"]
[WhiteElo "2136"]
[BlackElo "2258"]
[PlyCount "68"]
[EventDate "2003.08.16"]
[EventType "swiss"]
[EventRounds "9"]
[EventCountry "AUT"]
[SourceTitle "CBM 095 Extra"]
[Source "ChessBase"]
[SourceDate "2003.09.04"]
[SourceVersion "1"]
[SourceVersionDate "2003.09.04"]
[SourceQuality "1"]

1. e4 c5 2. c4 e6 3. Nc3 d6 4. Nf3 Nf6 5. d4 cxd4 6. Nxd4 Be7 7. Be2 0-0 8. 0-0 a6 9. Be3 Qc7 10. Qd2 b6 11. f3 Bb7 12. Rac1 Nbd7 13. Rfd1 Rac8 14. Bf1 Qb8 15. Qf2 Rfe8 16. Kh1 Bd8 17. Qg3 Kh8 18. Bf2 Ne5 19. Qh3 Nxc4 20. b3 Ne5 21. g4 Qa8 22. Bg2 Ng6 23. Bg3 Be7 24. g5 Nd7 25. f4 Nc5 26. f5 exf5 27. exf5 Bxg2+ 28. Qxg2 Qxg2+ 29. Kxg2 Ne5 30. h4 Ncd3 31. Rc2 Nb4 32. Re2 Rxc3 33. Bxe5 dxe5 34. Rxe5 Nd3 0-1